Grammar of Textile Design (Record no. 370312)
[ view plain ]
| 000 -LEADER | |
|---|---|
| fixed length control field | 00950nam a2200193 4500 |
| 005 - DATE AND TIME OF LATEST TRANSACTION | |
| control field | 20260212110110.0 |
| 008 - FIXED-LENGTH DATA ELEMENTS--GENERAL INFORMATION | |
| fixed length control field | 260204b |||||||| |||| 00| 0 eng d |
| 020 ## - INTERNATIONAL STANDARD BOOK NUMBER | |
| International Standard Book Number | 9788182475144 |
| 041 ## - LANGUAGE CODE | |
| Language code of text/sound track or separate title | English |
| 082 ## - DEWEY DECIMAL CLASSIFICATION NUMBER | |
| Classification number | 746 |
| Item number | NIS |
| 100 ## - MAIN ENTRY--PERSONAL NAME | |
| Author | Nisbet Harry |
| 245 ## - TITLE STATEMENT | |
| Title | Grammar of Textile Design |
| 260 ## - PUBLICATION, DISTRIBUTION, ETC. | |
| Place of publication, distribution, etc. | New Delhi |
| Name of publisher, distributor, etc. | Abhishek Publications |
| Date of publication, distribution, etc. | 2024 |
| 300 ## - PHYSICAL DESCRIPTION | |
| Extent | 375 |
| 365 ## - TRADE PRICE | |
| Price amount | 1336.65 |
| Currency code | Rs.00 |
| 520 ## - SUMMARY, ETC. | |
| Summary, etc. | 1. Introduction<br/>2. Plain weave and its modification<br/>3. Twill and kindered weaves<br/>4. Diamonds and kindered weaves<br/>5. Bedford cords<br/>6. Backed fabrics<br/>7. Fustians<br/>8. Terry and loop pile fabrics<br/>9. Gauze and net lend fabrics<br/>10. Leno brocade fabrics<br/>11. Tissue, lappet and swivel figured fabrics<br/>12. Brocade fabric<br/>13. Damask fabric<br/>14. Alhambra and kindered fabric<br/>15. Piques or toilet welts<br/>16. Toilet quilting fabrics<br/>17. Patent satin<br/>18. Tapestry fabrics<br/> |
| 650 ## - SUBJECT ADDED ENTRY--TOPICAL TERM | |
| Topical term or geographic name entry element | Textile Design |
| 942 ## - ADDED ENTRY ELEMENTS (KOHA) | |
| Koha item type | Books |
| Withdrawn status | Lost status | Source of classification or shelving scheme | Damaged status | Not for loan | Home library | Current library | Date acquired | Vendor | Net Price | Bill number | Total Checkouts | Full call number | Barcode | Date last seen | Discount | Actual Price | Bill Date | Koha item type |
|---|---|---|---|---|---|---|---|---|---|---|---|---|---|---|---|---|---|---|
| Dewey Decimal Classification | School of Fashion Technology | School of Fashion Technology | 03/02/2026 | Design Book Studio | 1336.65 | 284 | 746 NIS | SOFT-BK-4935 | 04/02/2026 | 33% | 1995.00 | 12/12/2025 | Books |